000
00226 a2200085 4500
020
_a
9780500341872
100
_a
Geoffrey Bawa and David Robson
245
_a
Geoffrey Bawa: The Complete Works
260
_b
Thames & Hudson
_c
2002
999
_c
13362
_d
13362